| 000 | 00517nam a2200193 i 4500 | ||
|---|---|---|---|
| 001 | 27081 | ||
| 003 | ES-MaACL | ||
| 005 | 20230906153545.0 | ||
| 007 | t| | ||
| 008 | 030113s1969 sp ||||1| baq d | ||
| 080 | _a9(=916.9)(04) | ||
| 100 | 1 |
_aArrinda, Anastasio. _923322 |
|
| 245 | 1 | 0 |
_aEuskalerri zaarra : _bgu euskaldunok / _cAnastasio Arrinda. |
| 260 |
_a[Barcelona : _bRM], _c1969. |
||
| 300 |
_a138 p. ; _c18 cm. |
||
| 650 | 4 |
_aVascos. _917740 |
|
| 852 | 4 |
_aES-MaACL _jC-51502 |
|
| 852 | 4 |
_aES-MaACL _jC-51503 |
|
| 999 |
_c27081 _d27081 |
||